Top 10 Watford Premier League Scorers - Statistics

General Stats
  • This quiz has been taken 137 times
    95 since last reset
  • The average score is 5 of 11
Answer Stats
Player Goals % Correct
Troy Deeney 47
97%
Ismaila Sarr 10
57%
Odion Ighalo 16
57%
Gerard Deulofeu 15
52%
Étienne Capoue 9
43%
Abdoulaye Doucouré 17
41%
Andre Gray 14
41%
Emmanuel Dennis 10
41%
Roberto Pereyra 16
41%
José Holebas 6
30%
Heiðar Helguson 6
15%
No matching quizzes found
Score Distribution
Percent of People with Each Score
Percentile by Number Answered
Your Score History
You have not taken this quiz since the last reset